000 006020000a22001810004500
003 MACL
005 20160120154453.0
008 160120b xxu||||| |||| 00| 0 eng d
040 _aMACL
_cMACL
041 _aHindi
082 _a301/KUM
100 _aकुमार प्रशान्‍त
_933707
245 _aUGC NET/SLET सफलता हेतु सम्‍पूर्ण योजना
_b…,…r…_…o……_…,…_ƒ__……_…̜
260 _bCosmos Book Hive
_aनई दिल्‍ली
350 _a225
650 _aSociology
_933708
942 _cHIN
_k301/KUM
_2ddc
999 _c30596
_d30596